[Event "COL-ch sf"]
[Site "Pereira"]
[Date "2024.03.30"]
[Round "8"]
[White "Gonzalez Mojica, Renan Arturo"]
[Black "Sanchez Riobo, Miguel Angel"]
[Result "1-0"]
[WhiteElo "1988"]
[BlackElo "1513"]
[PlyCount "47"]
[EventDate "2024.03.26"]
[EventType "swiss"]
[EventRounds "11"]
[EventCountry "COL"]
[SourceTitle "CB14_2024"]
[SourceDate "2024.04.01"]
[SourceVersion "1"]
[SourceVersionDate "2024.04.01"]
[SourceQuality "1"]

1. d4 c6 2. c4 d5 3. Nc3 e6 4. Nf3 Nf6 5. Bg5 Nbd7 6. e3 Be7 7. Qc2 0-0 8. Bd3 h6 9. Bh4 Qc7 10. 0-0 a6 11. c5 b6 12. b4 bxc5 13. bxc5 a5 14. Bg3 Qa7 15. Qa4 Ba6 16. Bxa6 Qxa6 17. Rab1 Rfc8 18. Rb3 Nh5 19. Be5 f6 20. Bg3 Nxg3 21. hxg3 Rab8 22. Rfb1 Rxb3 23. Rxb3 e5 24. Nxd5 1-0

[Event "COL-ch sf"]
[Site "Pereira"]
[Date "2024.03.29"]
[Round "7"]
[White "Soto Ramirez, Andres Camilo"]
[Black "Gonzalez Mojica, Renan Arturo"]
[Result "1-0"]
[WhiteElo "1732"]
[BlackElo "1988"]
[PlyCount "63"]
[EventDate "2024.03.26"]
[EventType "swiss"]
[EventRounds "11"]
[EventCountry "COL"]
[SourceTitle "CB14_2024"]
[SourceDate "2024.04.01"]
[SourceVersion "1"]
[SourceVersionDate "2024.04.01"]
[SourceQuality "1"]

1. e4 d6 2. d4 Nf6 3. Nc3 g6 4. f4 Bg7 5. Bd3 0-0 6. Nf3 Nc6 7. 0-0 e5 8. dxe5 dxe5 9. Qe1 Nb4 10. fxe5 Ng4 11. Bg5 Nxd3 12. cxd3 Qxd3 13. Nd5 Nxe5 14. Nxe5 Qd4+ 15. Kh1 Qxe5 16. Qh4 h5 17. Be7 c6 18. Bxf8 cxd5 19. Bxg7 Kxg7 20. exd5 Bf5 21. Rad1 Qxb2 22. d6 Qf6 23. Qxf6+ Kxf6 24. h3 Kg5 25. Rfe1 Be6 26. Re5+ Kf6 27. Re2 b5 28. Kg1 a5 29. Kf2 b4 30. Re4 Bxa2 31. d7 b3 32. Re8 1-0

[Event "Teusaquillo Rapid op"]
[Site "Teusaquillo"]
[Date "2023.03.04"]
[Round "3"]
[White "Gonzalez Mojica, Renan Arturo"]
[Black "Malagon Guzman, Juan Daniel"]
[Result "1-0"]
[WhiteElo "1859"]
[BlackElo "1466"]
[PlyCount "43"]
[EventDate "2023.03.04"]
[EventType "swiss (rapid)"]
[EventRounds "9"]
[EventCountry "COL"]
[SourceTitle "CBM 213 Extra"]
[Source "ChessBase"]
[SourceDate "2023.05.31"]
[SourceVersion "1"]
[SourceVersionDate "2023.05.31"]
[SourceQuality "1"]

1. d4 d5 2. c4 e6 3. Nc3 Nf6 4. Nf3 Be7 5. Bf4 0-0 6. e3 b6 7. Rc1 Bb7 8. cxd5 Nxd5 9. Nxd5 Bxd5 10. Bxc7 Qd7 11. a3 Nc6 12. Bf4 Na5 13. Bd3 Rac8 14. Rxc8 Rxc8 15. Ne5 Qb7 16. 0-0 Bxg2 17. Re1 Bh3 18. Bxh7+ Kf8 19. e4 Bf6 20. Qh5 Bxe5 21. Bxe5 f6 22. Bd6+ 1-0

[Event "Bogota El Tablazo op-A"]
[Site "Bogota"]
[Date "2022.06.27"]
[Round "10"]
[White "Paredes Lagos, Anthony Javier"]
[Black "Gonzalez Mojica, Renan Arturo"]
[Result "1-0"]
[WhiteElo "2148"]
[BlackElo "1971"]
[PlyCount "77"]
[EventDate "2022.06.23"]
[EventType "swiss"]
[EventRounds "10"]
[EventCountry "COL"]
[SourceTitle "EXT 2023"]
[Source "ChessBase"]
[SourceDate "2022.10.05"]
[SourceVersion "1"]
[SourceVersionDate "2022.10.05"]
[SourceQuality "1"]

1. d4 d6 2. c4 e5 3. g3 exd4 4. Qxd4 Nc6 5. Qe3+ Be6 6. Nf3 Be7 7. b3 Bf6 8. Nc3 Nb4 9. Qd2 Bf5 10. e4 Qe7 11. Be2 Bxe4 12. 0-0 Nh6 13. a3 Nc6 14. Re1 0-0-0 15. Bd1 Bxc3 16. Qxc3 f5 17. Bg5 Qf7 18. Bxd8 Rxd8 19. Ng5 Qg6 20. Nxe4 fxe4 21. Qe3 Qf6 22. Qxe4 Kb8 23. Ra2 g6 24. Bf3 Nf7 25. Bg2 Ng5 26. Qd5 Qc3 27. Rae2 Qf6 28. b4 Qf5 29. Re8 Rc8 30. b5 Qxd5 31. Bxd5 Nd4 32. Kg2 Nc2 33. R1e7 c6 34. bxc6 bxc6 35. Bxc6 Nd4 36. Bd5 Rxe8 37. Rxe8+ Kc7 38. h4 Kd7 39. Ra8 1-0

[Event "American Continental 16th"]
[Site "San Salvador"]
[Date "2022.05.04"]
[Round "4"]
[White "Do Valle Cardoso, Lucas"]
[Black "Gonzalez Mojica, Renan Arturo"]
[Result "1/2-1/2"]
[WhiteElo "2242"]
[BlackElo "2021"]
[PlyCount "123"]
[EventDate "2022.05.02"]
[EventType "swiss"]
[EventRounds "11"]
[EventCountry "ESA"]
[SourceTitle "CBM 208 Extra"]
[Source "ChessBase"]
[SourceDate "2022.07.31"]
[SourceVersion "1"]
[SourceVersionDate "2022.07.31"]
[SourceQuality "1"]

1. e4 d6 2. d4 g6 3. Nc3 Bg7 4. Be3 c6 5. Qd2 b5 6. f3 Nd7 7. h4 Ngf6 8. Bh6 Bxh6 9. Qxh6 e5 10. 0-0-0 b4 11. Nce2 Qa5 12. Kb1 Ba6 13. Nh3 0-0-0 14. Nc1 Bxf1 15. Rhxf1 d5 16. dxe5 Nxe5 17. Qf4 Ned7 18. e5 Nh5 19. Qxf7 Rde8 20. f4 Qd8 21. e6 Re7 22. exd7+ Qxd7 23. Qxe7 Qxe7 24. Nd3 a5 25. Rde1 Qxh4 26. Re6 Ng3 27. Rfe1 Ne4 28. Rxc6+ Kb7 29. Re6 Rc8 30. Ng5 Nxg5 31. fxg5 Rc7 32. R6e5 a4 33. b3 axb3 34. axb3 Qd4 35. Re7 Rxe7 36. Rxe7+ Kb6 37. Rxh7 Qg1+ 38. Kb2 Qxg2 39. Nxb4 Qxg5 40. Rd7 Qe5+ 41. c3 g5 42. Rxd5 Qe2+ 43. Ka3 g4 44. Rg5 Qf3 45. c4 g3 46. c5+ Kb5 47. c6+ Kb6 48. Rg7 g2 49. Rb7+ Kc5 50. Rg7 Kb6 51. Rb7+ Kc5 52. Rg7 Kd6 53. c7 Qa8+ 54. Na6 Qxa6+ 55. Kb2 Qe2+ 56. Ka3 Qa6+ 57. Kb2 g1Q 58. Rxg1 Kxc7 59. Rc1+ Kd6 60. Rc4 Kd5 61. Ra4 Qe2+ 62. Kb1 1/2-1/2

[Event "COL-ch U2300"]
[Site "Pereira"]
[Date "2022.02.18"]
[Round "5"]
[White "Lopez Rayo, Isabella"]
[Black "Gonzalez Mojica, Renan Arturo"]
[Result "1/2-1/2"]
[WhiteElo "1764"]
[BlackElo "2030"]
[PlyCount "100"]
[EventDate "2022.02.16"]
[EventType "swiss"]
[EventRounds "9"]
[EventCountry "COL"]
[SourceTitle "CBM 207 Extra"]
[Source "ChessBase"]
[SourceDate "2022.05.31"]
[SourceVersion "1"]
[SourceVersionDate "2022.05.31"]
[SourceQuality "1"]

1. e4 d6 2. d4 Nf6 3. Nc3 g6 4. Bg5 Bg7 5. e5 Nfd7 6. f4 0-0 7. Nf3 Nb6 8. Be2 Nc6 9. 0-0 f6 10. exf6 exf6 11. Bh4 Ne7 12. d5 c6 13. dxc6 bxc6 14. Qd2 Qc7 15. Rad1 d5 16. b4 Nf5 17. Bf2 Nd6 18. b5 Bb7 19. Nd4 Rfe8 20. bxc6 Bxc6 21. Nxc6 Qxc6 22. a4 Rxe2 23. Nxe2 Ne4 24. Qd3 Nxf2 25. Rxf2 Qxa4 26. Nc3 Qa3 27. Nxd5 Qxd3 28. Rxd3 Nxd5 29. Rxd5 f5 30. c4 a5 31. c5 a4 32. Rfd2 Bf6 33. c6 Rc8 34. Rd6 Be7 35. Re6 Kf7 36. Rde2 Bc5+ 37. Kf1 a3 38. R6e5 Rxc6 39. Rc2 Ra6 40. Rexc5 a2 41. Rc7+ Kg8 42. Rc8+ Kg7 43. R8c7+ Kh6 44. Rxa2 Rxa2 45. h3 Ra4 46. g3 Ra1+ 47. Kf2 Ra2+ 48. Kg1 Ra1+ 49. Kf2 Ra2+ 50. Kg1 Ra1+ 1/2-1/2

[Event "COL Subzt 2.3.4"]
[Site "Risarald"]
[Date "2021.11.26"]
[Round "6"]
[White "Zapata, Alonso"]
[Black "Gonzalez Mojica, Renan Arturo"]
[Result "1-0"]
[WhiteElo "2384"]
[BlackElo "1972"]
[PlyCount "87"]
[EventDate "2021.11.23"]
[EventType "swiss"]
[EventRounds "9"]
[EventCountry "COL"]
[SourceTitle "CBM 205 Extra"]
[Source "ChessBase"]
[SourceDate "2022.01.31"]
[SourceVersion "1"]
[SourceVersionDate "2022.01.31"]
[SourceQuality "1"]

1. e4 d6 2. d4 Nf6 3. Nc3 g6 4. Be3 c6 5. Qd2 b5 6. Bd3 Nbd7 7. Nf3 Bb7 8. h3 Qc7 9. 0-0 Bg7 10. Bh6 0-0 11. Rfe1 e5 12. Rad1 b4 13. Bxg7 Kxg7 14. Na4 c5 15. dxc5 dxc5 16. b3 Nb6 17. Nb2 h6 18. c3 a5 19. Qc2 Qe7 20. Rc1 Rac8 21. Bb5 bxc3 22. Qxc3 Nxe4 23. Qxe5+ Qxe5 24. Nxe5 Nd6 25. Na4 Nxb5 26. Nxb6 Rc7 27. Ned7 Rd8 28. Rxc5 Rxc5 29. Nxc5 Bc6 30. Nc4 Rc8 31. Na4 Nd4 32. Nc3 a4 33. Nb6 Rc7 34. Rd1 Ne6 35. Nbxa4 Nf4 36. b4 Nxg2 37. b5 Ba8 38. Rd8 Bf3 39. Rd3 Nh4 40. b6 Re7 41. Re3 Rb7 42. Ne4 f5 43. Nec5 Rf7 44. Nc3 1-0